| 000 | 00604nam a2200229 a 4500 | ||
|---|---|---|---|
| 005 | 20240831063744.0 | ||
| 008 | 120426s2002 es r 000 0 spa d | ||
| 020 | _a849513683X | ||
| 035 | _aUPN01000184290 | ||
| 049 | _aI | ||
| 050 | 4 |
_aPQ6631 U4.7 _bF4.6 2002 |
|
| 100 | 1 |
_aQuiroga, Angel _932128 |
|
| 245 | 1 | 3 |
_aLa flor del Tao / _cAngel Quiroga. |
| 250 | _a3a ed. | ||
| 260 |
_aGranada, Esp. : _bAlhulia, _c2002. |
||
| 300 |
_a76 p. : _bil. |
||
| 440 | 3 | _aEl carro de madera | |
| 650 | 4 |
_aCuentos infantiles espaƱoles _97725 |
|
| 905 | _aInfantil | ||
| 999 |
_c156393 _d156393 |
||